Das Handeltreiben mit Betäubungsmitteln im Sinne von § 29 I 1 Nr. 1 BtMG: die Auslegung des Begriffes "Handeltreiben" mit Betäubungsmitteln, dargestellt an der Strafbarkeit des Versuches

Saved in:  
Bibliographic Details
Main Author: Ebert, Christoph (Author)
Format: Print Book
Language:German
Published: Aachen Shaker 1997
In:Year: 1997
Edition:Als Ms. gedr.
Check availability: HBZ Gateway
Subito Delivery Service: Order now.
Keywords:

MARC

LEADER 00000cam a2200000 c 4500
001 228115221
003 DE-627
005 20260206193226.0
007 tu
008 970604s1997 gw ||||| m 00| ||ger c
015 |a 97,N24,0187  |2 dnb 
015 |a 97,H09,0330  |2 dnb 
016 7 |a 950451932  |2 DE-101 
020 |a 3826555430  |c  : DM 98.00, sfr 99.00, S 689.00 (kart.)  |9 3-8265-5543-0 
035 |a (DE-627)228115221 
035 |a (DE-603)055003192 
035 |a (DE-576)059664126 
035 |a (DE-599)GBV228115221 
035 |a (OCoLC)243861602 
035 |a (OCoLC)243861602 
040 |a DE-627  |b ger  |c DE-627  |e rakwb 
041 |a ger 
044 |c XA-DE 
084 |a 19  |a 17  |2 sdnb 
084 |a PH 4070  |2 rvk  |0 (DE-625)rvk/136109: 
084 |a 86.41  |2 bkl 
100 1 |a Ebert, Christoph  |4 aut 
245 1 4 |a Das Handeltreiben mit Betäubungsmitteln im Sinne von § 29 I 1 Nr. 1 BtMG  |b die Auslegung des Begriffes "Handeltreiben" mit Betäubungsmitteln, dargestellt an der Strafbarkeit des Versuches  |c Christoph Ebert 
250 |a Als Ms. gedr. 
263 |a Pb. : DM 98.00, sfr 99.00, S 689.00 
264 1 |a Aachen  |b Shaker  |c 1997 
300 |a XVI, 225 S  |c 21 cm 
336 |a Text  |b txt  |2 rdacontent 
337 |a ohne Hilfsmittel zu benutzen  |b n  |2 rdamedia 
338 |a Band  |b nc  |2 rdacarrier 
490 0 |a Berichte aus der Rechtswissenschaft 
500 |a Literaturverz. S. 205 - 219 
502 |a Zugl.: Augsburg, Univ., Diss., 1997 
655 7 |a Hochschulschrift  |0 (DE-588)4113937-9  |0 (DE-627)105825778  |0 (DE-576)209480580  |2 gnd-content 
689 0 0 |d s  |0 (DE-588)4048612-6  |0 (DE-627)106190083  |0 (DE-576)209078618  |a Rauschgifthandel  |2 gnd 
689 0 1 |d s  |0 (DE-588)4006083-4  |0 (DE-627)106378570  |0 (DE-576)208864296  |a Betäubungsmittelrecht  |2 gnd 
689 0 2 |d s  |0 (DE-588)4023222-0  |0 (DE-627)106304852  |0 (DE-576)208948155  |a Handel  |2 gnd 
689 0 3 |d s  |0 (DE-588)4005248-5  |0 (DE-627)106382365  |0 (DE-576)208859918  |a Begriff  |2 gnd 
689 0 |5 DE-101 
751 |a Augsburg  |0 (DE-588)4003614-5  |0 (DE-627)106389114  |0 (DE-576)208852174  |4 uvp 
935 |i Blocktest 
935 |h HEB  |i 0501 
935 |h HEB  |i 0503 
936 r v |a PH 4070  |b Einzeldarstellungen  |k Rechtswissenschaft  |k Strafrecht, Strafverfahrensrecht, Kriminologie  |k Nebenstrafrecht  |k Betäubungsmittelstrafrecht  |k Einzeldarstellungen  |0 (DE-627)1272129578  |0 (DE-625)rvk/136109:  |0 (DE-576)202129578 
936 r u |a PN 423  |b Arznei- und Heilmittelrecht, Betäubungsmittel  |k Rechtswissenschaft  |k Verwaltungswissenschaften und Verwaltungsrecht  |k Besonderes Verwaltungsrecht  |k Recht der öffentlichen Sicherheit und Ordnung  |k Nebengebiete des Rechts der öffentlichen Sicherheit und Ordnung  |k Arznei- und Heilmittelrecht, Betäubungsmittel  |0 (DE-627)127130175X  |0 (DE-576)20130175X  |z Ungueltig 
936 b k |a 86.41  |j Kriminologie  |0 (DE-627)181572001 
936 s n |a p100  |2 mzub 
936 s n |a q100  |2 mzub 
951 |a BO 
ELC |b 1 
LOK |0 000 xxxxxcx a22 zn 4500 
LOK |0 001 319074999X 
LOK |0 003 DE-627 
LOK |0 004 228115221 
LOK |0 005 20151116135811 
LOK |0 008 150728||||||||||||||||ger||||||| 
LOK |0 035   |a (DE-21-110)kd55992 
LOK |0 040   |a DE-21-110  |c DE-627  |d DE-21-110 
LOK |0 689   |a s  |a Drogenstrafrecht 
LOK |0 852   |z Kein Bestand am IfK; Nachweis für KrimDok 
LOK |0 852   |a DE-21-110 
LOK |0 852 1  |9 00 
LOK |0 935   |a k110 
LOK |0 939   |a 28-07-15  |b l01 
ORI |a SA-MARC-krimdoka001.raw